|
|
|
|
| LEADER |
02080nam a2200445 i 4500 |
| 001 |
EBC4857729 |
| 003 |
MiAaPQ |
| 005 |
20200520144314.0 |
| 006 |
m o d | |
| 007 |
cr cnu|||||||| |
| 008 |
170531t20172017gw ob 000 0 ger d |
| 020 |
|
|
|z 9783737602327
|
| 020 |
|
|
|a 9783737602334 (e-book)
|
| 035 |
|
|
|a (MiAaPQ)EBC4857729
|
| 035 |
|
|
|a (Au-PeEL)EBL4857729
|
| 035 |
|
|
|a (CaPaEBR)ebr11384418
|
| 035 |
|
|
|a (OCoLC)986538902
|
| 040 |
|
|
|a MiAaPQ
|b eng
|e rda
|e pn
|c MiAaPQ
|d MiAaPQ
|
| 050 |
|
4 |
|a R131
|b .N484 2017
|
| 082 |
0 |
|
|a 610.9
|2 23
|
| 245 |
0 |
0 |
|a Neue Forschungen zur Medizingeschichte :
|b Beitrage des "Rheinischen Kreises der Medizinhistoriker" /
|c Mathias Schmidt, Dominik Gross und Axel Karenberg (Hrsg.).
|
| 264 |
|
1 |
|a Kassel, [Germany] :
|b kassel university press GmbH,
|c 2017.
|
| 264 |
|
4 |
|c 2017
|
| 300 |
|
|
|a 1 online resource (301 pages).
|
| 336 |
|
|
|a text
|2 rdacontent
|
| 337 |
|
|
|a computer
|2 rdamedia
|
| 338 |
|
|
|a online resource
|2 rdacarrier
|
| 490 |
1 |
|
|a Schriften des Rheinischen Kreises der Medizinhistoriker ;
|v Band 4
|
| 504 |
|
|
|a Includes bibliographical references.
|
| 588 |
|
|
|a Description based on online resource; title from PDF title page (ebrary, viewed May 30, 2017).
|
| 590 |
|
|
|a Electronic reproduction. Ann Arbor, MI : ProQuest, 2016. Available via World Wide Web. Access may be limited to ProQuest affiliated libraries.
|
| 650 |
|
0 |
|a Medicine
|x History.
|
| 655 |
|
4 |
|a Electronic books.
|
| 700 |
1 |
|
|a Schmidt, Mathias,
|e editor.
|
| 700 |
1 |
|
|a Gross, Dominik,
|e editor.
|
| 700 |
1 |
|
|a Karenberg, Axel,
|e editor.
|
| 776 |
0 |
8 |
|i Print version:
|t Neue Forschungen zur Medizingeschichte : Beitrage des "Rheinischen Kreises der Medizinhistoriker".
|d Kassel, [Germany] : kassel university press GmbH, c2017
|h approximately 301 pages
|k Schriften des Rheinischen Kreises der Medizinhistoriker ; Band 4
|z 9783737602327
|
| 797 |
2 |
|
|a ProQuest (Firm)
|
| 830 |
|
0 |
|a Schriften des Rheinischen Kreises der Medizinhistoriker ;
|v Band 4.
|
| 856 |
4 |
0 |
|u https://ebookcentral.proquest.com/lib/matrademy/detail.action?docID=4857729
|z Click to View
|